Statistics for Nintendo Switch games 2017

Click here to take the quiz!

General Stats

  • This quiz has been taken 108 times
  • The average score is 9 of 19

Answer Stats

HintAnswer% Correct
KartsMario Kart 8 deluxe
88%
You can transform up into your enemies by a hatMario odyssey
84%
Game of battle with armsArms
78%
The winner of the video game competition 2027The Legend of Zelda breath of the wild
76%
A battle with weapons and inkSplatoon 2
72%
Music that you can danceJust dance 2018
66%
Game that is centered in the joy cons and two players1-2 Switch
64%
Fusion of Nintendo and Ubisoft on a game published in AugustMario plus rabbids kingdom battle
55%
FootballFIFA 18
45%
You can create your own character in a sonic gameSonic Forces
45%
All warriors of fire emblem togetherFire emblem warriors
41%
New worlds with LEGOLEGO Worlds
35%
And incredible adventure with the main character Rex and with his bladesXenoblade chronicles 2
28%
Pokemon battlesPoken tournament
28%
Real life things with carsRocket league
25%
Fight with WWE charactersWWE2K18
20%
Fight with marvel heroes in LEGOLEGO Marvel Superheroes 2
19%
BasketNBA 18
12%
Fight with the dragon ball characters and create your own character to go to a new story to fight new enemiesDragon ball Xenoverse 2
11%

Score Distribution

Percentile by Number Answered

Percent of People with Each Score

Your Score History

You have not taken this quiz